000
00298nam a22001337a 4500
008
170503b xxu||||| |||| 00| 0 eng d
020
_a
9780314288004
041
_a
eng
080
_2
2nd
_a
343.9
100
_a
14
101
_a
shj
245
_a
CRIMINAL PROCEDURE
_c
ABRAMSON, L.W
942
_2
udc
_c
BK
999
_c
12582
_d
12582